000 00688cam a2200265ua 4500
020 _a0-07-012447-7
041 _aeng
_h
082 _a519.4
_bCON/EL
100 _aConte, Samuel Daniel .
245 _aElementary numerical analysis: An algorithmic approach /
_cSamuel Daniel Conte.
_hTextual Documents
250 _a1 /
_b.
260 _aNew Delhi :
_bMcGraw Hill Book Company ,
_c1980.
300 _a432 ; .
504 _a
700 1 _aBoor, Carl De.
942 _cBK
999 _c10504
_d10504